| 000 | 00385nam a2200157Ia 4500 | ||
|---|---|---|---|
| 008 | 160316s1992 xxu||||| |||| 00| 0 eng d | ||
| 082 |
_a344.018800 _bRAM |
||
| 100 | _aRamjas | ||
| 245 | _aTrade union and productivity in Indian industries | ||
| 250 | _a | ||
| 260 |
_aNew Delhi _bRadha Publications _c1992 |
||
| 300 |
_a293p _b _c |
||
| 365 | _bRs.300/- | ||
| 650 | _a | ||
| 700 |
_a _a |
||
| 999 |
_c8171 _d8171 |
||